[Event "16. Obert Internacional Sant Martí 2014"]
[Site "Barcelona ESP"]
[Date "2014.07.21"]
[Round "9.11"]
[White "Aloma Vidal, Robert"]
[Black "Movsziszian, Karen"]
[Result "0-1"]
[WhiteElo "2406"]
[BlackElo "2520"]
[PlyCount "64"]
[EventDate "2014.07.13"]
[EventType "swiss"]
[EventRounds "9"]
[EventCountry "ESP"]
[Source "lmi"]
[SourceDate "2014.07.13"]

1. e4 g6 2. d4 Bg7 3. Nc3 a6 4. Be3 d6 5. h4 h5 6. Nh3 Nf6 7. Ng5 Ng4 8. Qf3
O-O 9. O-O-O Nd7 10. Bc4 e6 11. Qg3 Qe7 12. Be2 Nxe3 13. Qxe3 c5 14. dxc5 Nxc5
15. f4 b5 16. e5 dxe5 17. fxe5 b4 18. Bf3 Rb8 19. Nce4 Nxe4 20. Qxe4 Rb5 21. g4
Rxe5 22. Qf4 hxg4 23. Qxg4 Bb7 24. Bxb7 Qxb7 25. Kb1 Qb5 26. Rhg1 Rf5 27. Rde1
Rc8 28. Nxe6 Rxc2 29. Nd4 Rxb2+ 30. Kxb2 Rf2+ 31. Ka1 Qd3 32. Qc8+ Kh7 0-1

[Event "16. Obert Internacional Sant Martí 2014"]
[Site "Barcelona ESP"]
[Date "2014.07.21"]
[Round "9.12"]
[White "Persson, Andreas"]
[Black "Gomez Garrido, Camilo Ernesto"]
[Result "1-0"]
[WhiteElo "2249"]
[BlackElo "2495"]
[PlyCount "81"]
[EventDate "2014.07.13"]
[EventType "swiss"]
[EventRounds "9"]
[EventCountry "ESP"]
[Source "lmi"]
[SourceDate "2014.07.13"]

1. d4 d5 2. c4 c6 3. Nc3 Nf6 4. e3 a6 5. Qc2 g6 6. Bd3 Bg7 7. Nf3 Bg4 8. Ne5
Be6 9. O-O O-O 10. Bd2 Nbd7 11. Nxd7 Qxd7 12. cxd5 Nxd5 13. Na4 Qd6 14. a3 f5
15. Nc5 Bc8 16. Bc4 Kh8 17. Nd3 a5 18. b4 axb4 19. axb4 Rxa1 20. Rxa1 f4 21.
Ne5 fxe3 22. fxe3 Bxe5 23. dxe5 Qxe5 24. Re1 Nf6 25. Bc3 Qf5 26. e4 Qg5 27. Qf2
Kg7 28. Qd4 b5 29. Bb3 Bh3 30. Qf2 Bc8 31. Qa7 Re8 32. Rf1 Kh6 33. Bd4 c5 34.
Bxc5 Kh5 35. Bxe7 Bh3 36. Bd1+ Kh6 37. Bf3 Be6 38. Bc5 Qe5 39. Bd4 Ra8 40. Bxe5
Rxa7 41. Bxf6 1-0

[Event "16. Obert Internacional Sant Martí 2014"]
[Site "Barcelona ESP"]
[Date "2014.07.21"]
[Round "9.13"]
[White "Gonzalez Perez, Arian"]
[Black "Das, Sayantan"]
[Result "1-0"]
[WhiteElo "2494"]
[BlackElo "2381"]
[PlyCount "81"]
[EventDate "2014.07.13"]
[EventType "swiss"]
[EventRounds "9"]
[EventCountry "ESP"]
[Source "lmi"]
[SourceDate "2014.07.13"]

1. d4 d5 2. c4 e6 3. Nc3 Bb4 4. Nf3 Nf6 5. Qa4+ Nc6 6. e3 O-O 7. a3 Be7 8. Qc2
a6 9. b4 Re8 10. Bb2 Bd6 11. h3 dxc4 12. Bxc4 h6 13. Ne4 Nxe4 14. Qxe4 Bd7 15.
O-O a5 16. b5 Na7 17. Qxb7 Nxb5 18. Qe4 a4 19. Ne5 Bxe5 20. dxe5 Qe7 21. Bd3 g6
22. h4 h5 23. Rfc1 Rec8 24. Bxb5 Bxb5 25. Bd4 Qd8 26. Rc5 Rab8 27. Rac1 c6 28.
Qf4 Rb7 29. Kh2 Rd7 30. R5c3 Rd5 31. Bc5 Rd1 32. Be7 Rxc1 33. Bxd8 Rxc3 34. Bf6
Kh7 35. Be7 Kg7 36. Qf6+ Kg8 37. g4 Be2 38. f3 Rc2 39. Kg3 Bf1 40. Kf4 Re8 41.
Kg5 1-0

[Event "16. Obert Internacional Sant Martí 2014"]
[Site "Barcelona ESP"]
[Date "2014.07.21"]
[Round "9.15"]
[White "Hansen, Torbjorn Ringdal"]
[Black "Porras Mateo, Felipe"]
[Result "1/2-1/2"]
[WhiteElo "2448"]
[BlackElo "2243"]
[PlyCount "92"]
[EventDate "2014.07.13"]
[EventType "swiss"]
[EventRounds "9"]
[EventCountry "ESP"]
[Source "lmi"]
[SourceDate "2014.07.13"]

1. e4 e5 2. Bc4 Nc6 3. Nf3 Bc5 4. O-O d6 5. c3 Nf6 6. d3 h6 7. Re1 O-O 8. Bb3
Re8 9. h3 a6 10. Nbd2 Be6 11. Nf1 d5 12. Qe2 d4 13. Bxe6 Rxe6 14. Ng3 dxc3 15.
bxc3 Qd7 16. Be3 Bxe3 17. fxe3 Ne7 18. d4 Ng6 19. d5 Rb6 20. Rab1 Qa4 21. c4
Nd7 22. Rec1 Nc5 23. h4 Re8 24. h5 Nf8 25. Rxb6 cxb6 26. Nh4 Nh7 27. Rb1 b5 28.
Nhf5 Ng5 29. cxb5 Ncxe4 30. Rc1 axb5 31. Nxe4 Nxe4 32. d6 Rd8 33. d7 Rxd7 34.
Qg4 Ng5 35. Nxh6+ gxh6 36. Qxd7 Qe4 37. Qd2 Qg4 38. Qd5 Qg3 39. Kf1 Qxe3 40.
Rc8+ Kg7 41. Qd8 Qf4+ 42. Ke2 Qe4+ 43. Kd1 Qb1+ 44. Ke2 Qe4+ 45. Kf2 Qf4+ 46.
Ke1 Qe4+ 1/2-1/2

[Event "16. Obert Internacional Sant Martí 2014"]
[Site "Barcelona ESP"]
[Date "2014.07.21"]
[Round "9.16"]
[White "Sanchez, Sebastian Felipe"]
[Black "Cruz, Jonathan"]
[Result "0-1"]
[WhiteElo "2375"]
[BlackElo "2471"]
[PlyCount "76"]
[EventDate "2014.07.13"]
[EventType "swiss"]
[EventRounds "9"]
[EventCountry "ESP"]
[Source "lmi"]
[SourceDate "2014.07.13"]

1. e4 e5 2. Nf3 Nc6 3. Bb5 a6 4. Ba4 Nf6 5. O-O Be7 6. Re1 b5 7. Bb3 O-O 8. h3
d6 9. c3 Nb8 10. d4 Nbd7 11. Nbd2 Bb7 12. Bc2 Re8 13. a4 Bf8 14. b4 Nb6 15. Nb3
Nxa4 16. Na5 Qc8 17. Bxa4 bxa4 18. d5 c6 19. c4 Rb8 20. Bg5 Nd7 21. Qxa4 Nb6
22. Qa2 Ba8 23. Be3 Nd7 24. Reb1 Qc7 25. Nd2 cxd5 26. cxd5 Rec8 27. Ndc4 Nf6
28. Rc1 Qd8 29. Qb1 Nh5 30. Nb6 Rxc1+ 31. Qxc1 Nf4 32. Nc6 Bxc6 33. Qxc6 Ne2+
34. Kf1 Nd4 35. Bxd4 exd4 36. Rxa6 d3 37. Ke1 Qf6 38. Kd2 Qxf2+ 0-1

[Event "16. Obert Internacional Sant Martí 2014"]
[Site "Barcelona ESP"]
[Date "2014.07.21"]
[Round "9.17"]
[White "Huerga Leache, Mikel"]
[Black "Dukaczewski, Piotr"]
[Result "1-0"]
[WhiteElo "2458"]
[BlackElo "2303"]
[PlyCount "67"]
[EventDate "2014.07.13"]
[EventType "swiss"]
[EventRounds "9"]
[EventCountry "ESP"]
[Source "lmi"]
[SourceDate "2014.07.13"]

1. e4 e6 2. d4 d5 3. Nc3 Nf6 4. Bg5 dxe4 5. Nxe4 Be7 6. Bxf6 gxf6 7. Nf3 f5 8.
Nc3 Bf6 9. Qd2 c5 10. dxc5 Qxd2+ 11. Nxd2 Bxc3 12. bxc3 Nd7 13. Nb3 Rg8 14. g3
Nf6 15. Bg2 Ne4 16. c6 b6 17. O-O-O Ba6 18. Bxe4 fxe4 19. Rhe1 Bb5 20. Nd4 Bc4
21. Rxe4 O-O-O 22. Rh4 e5 23. Nf3 Rxd1+ 24. Kxd1 Bxa2 25. c4 Re8 26. Kc1 b5 27.
cxb5 Bd5 28. Nd2 Kc7 29. Ra4 Ra8 30. c4 Be6 31. Ne4 f5 32. Nc5 Bf7 33. Nd7 e4
34. c5 1-0

[Event "16. Obert Internacional Sant Martí 2014"]
[Site "Barcelona ESP"]
[Date "2014.07.21"]
[Round "9.18"]
[White "Akshat, Khamparia"]
[Black "Munoz Pantoja, Miguel"]
[Result "0-1"]
[WhiteElo "2367"]
[BlackElo "2457"]
[PlyCount "66"]
[EventDate "2014.07.13"]
[EventType "swiss"]
[EventRounds "9"]
[EventCountry "ESP"]
[Source "lmi"]
[SourceDate "2014.07.13"]

1. d4 Nf6 2. Bg5 c5 3. d5 Qb6 4. Nc3 Qxb2 5. Bd2 Qb6 6. e4 d6 7. f4 e5 8. f5
Be7 9. g4 h6 10. Be2 a6 11. a4 Nbd7 12. h4 c4 13. Bf3 Nxg4 14. Qe2 h5 15. Kf1
Ndf6 16. a5 Qc7 17. Na4 Bd7 18. Nb6 c3 19. Nxa8 Qc5 20. Rb1 cxd2 21. Qxd2 Ne3+
22. Ke1 Nxc2+ 23. Kd1 Ne3+ 24. Ke1 Nc2+ 25. Kd1 Nd4 26. Rc1 Qa3 27. Bg2 Nb3 28.
Rh3 Qxc1+ 29. Qxc1 Nxc1 30. Kxc1 O-O 31. Nb6 Bb5 32. Rc3 Bd8 33. Nh3 Nd7 0-1

[Event "16. Obert Internacional Sant Martí 2014"]
[Site "Barcelona ESP"]
[Date "2014.07.21"]
[Round "9.19"]
[White "Sardana, Rishi"]
[Black "Panelo, Marcelo"]
[Result "1-0"]
[WhiteElo "2363"]
[BlackElo "2448"]
[PlyCount "71"]
[EventDate "2014.07.13"]
[EventType "swiss"]
[EventRounds "9"]
[EventCountry "ESP"]
[Source "lmi"]
[SourceDate "2014.07.13"]

1. e4 c5 2. Nf3 d6 3. d4 Nf6 4. Nc3 cxd4 5. Nxd4 a6 6. h3 e6 7. g4 d5 8. Nde2
Nc6 9. exd5 Nxd5 10. Bg2 h5 11. g5 Bd6 12. g6 fxg6 13. Nxd5 exd5 14. Qxd5 Bf5
15. O-O Nb4 16. Qxb7 Rb8 17. Qxg7 Rf8 18. Nd4 Qe7 19. Nxf5 gxf5 20. Qg6+ Kd7
21. Bg5 Qf7 22. Qxf7+ Rxf7 23. Rad1 f4 24. h4 f3 25. Bh3+ Kc7 26. Rfe1 Nc6 27.
Re6 Be5 28. b3 Rg8 29. Rd5 Bf4 30. Rc5 Bd6 31. Rc3 Rb8 32. Re4 Bb4 33. Rcc4 Bd6
34. Be6 Rff8 35. Bd5 Rb6 36. Be3 1-0

[Event "16. Obert Internacional Sant Martí 2014"]
[Site "Barcelona ESP"]
[Date "2014.07.21"]
[Round "9.20"]
[White "Smirnov, Boris"]
[Black "Gomez Ledo, Roberto Carlos"]
[Result "0-1"]
[WhiteElo "2145"]
[BlackElo "2429"]
[PlyCount "150"]
[EventDate "2014.07.13"]
[EventType "swiss"]
[EventRounds "9"]
[EventCountry "ESP"]
[Source "lmi"]
[SourceDate "2014.07.13"]

1. Nf3 d5 2. g3 c6 3. Bg2 Nf6 4. O-O h6 5. d3 Bf5 6. c4 e6 7. Qb3 Qb6 8. Qxb6
axb6 9. Nd4 Bh7 10. cxd5 Nxd5 11. Nc3 Bc5 12. Nb3 Be7 13. Bd2 O-O 14. a3 Rd8
15. Rac1 Bf6 16. Nxd5 exd5 17. Bc3 d4 18. Bd2 Bf5 19. Bf4 Na6 20. Ra1 Bg4 21.
Rfe1 Re8 22. Kf1 Be6 23. Nd2 Nc5 24. Ne4 Nxe4 25. Bxe4 Ra5 26. Bd2 Ra7 27. f4
Rd8 28. Kf2 Bd5 29. Rac1 Be7 30. Bxd5 Rxd5 31. Kf3 Ra8 32. Rc2 h5 33. h3 f5 34.
Rg1 Kf7 35. h4 Ke6 36. Rgc1 Rb5 37. Re1 Rb3 38. Bc1 Kd5 39. Bd2 Ra4 40. Kf2 Bc5
41. e4+ dxe3+ 42. Bxe3 Bd6 43. Ke2 Be7 44. Bc1 Bf6 45. Kd2 Ra8 46. Re3 Kd6 47.
Rc4 b5 48. Rb4 Rxb4 49. axb4 Kd7 50. d4 Ra4 51. Rb3 Bxd4 52. Kc2 Bf6 53. Rd3+
Kc7 54. Bd2 Be7 55. Bc3 Bf6 56. Re3 Kd7 57. Rd3+ Ke6 58. Re3+ Kd5 59. Re8 Ra1
60. Bxf6 gxf6 61. Kd3 Rd1+ 62. Ke2 Rb1 63. Rd8+ Kc4 64. Rd6 Rxb2+ 65. Kf3 Rb3+
66. Kf2 Rd3 67. Rxf6 Rd5 68. Rh6 Kxb4 69. Rxh5 Kc3 70. g4 b4 71. gxf5 b3 72.
Rg5 b2 73. Rg1 Rxf5 74. Ke3 Ra5 75. Rb1 Ra1 0-1

[Event "16. Obert Internacional Sant Martí 2014"]
[Site "Barcelona ESP"]
[Date "2014.07.21"]
[Round "9.21"]
[White "Sagar, Shah"]
[Black "Palit, Somak"]
[Result "0-1"]
[WhiteElo "2314"]
[BlackElo "2411"]
[PlyCount "126"]
[EventDate "2014.07.13"]
[EventType "swiss"]
[EventRounds "9"]
[EventCountry "ESP"]
[Source "lmi"]
[SourceDate "2014.07.13"]

1. c4 Nf6 2. Nf3 g6 3. Nc3 d5 4. cxd5 Nxd5 5. Qb3 Nb6 6. d4 Bg7 7. Bf4 O-O 8.
e3 Be6 9. Qa3 Nc6 10. Be2 a5 11. Qc5 Nd7 12. Qb5 Nb4 13. O-O Nb6 14. a3 c6 15.
Qc5 Nd7 16. Qg5 Nd5 17. Nxd5 Bxd5 18. Qh4 Bxf3 19. Bxf3 e5 20. Bg5 f6 21. Bh6
Bxh6 22. Qxh6 exd4 23. Rad1 dxe3 24. Qxe3 Qc7 25. Qe6+ Rf7 26. Be2 Kg7 27. Rfe1
Ne5 28. f4 Re7 29. Qb3 Nf7 30. Bc4 Rae8 31. Rxe7 Rxe7 32. Bxf7 Rxf7 33. Qe3 Re7
34. Qd4 Qc8 35. Qd6 Kf7 36. h3 Qe6 37. Qb8 Rd7 38. Rxd7+ Qxd7 39. Qh8 Ke6 40.
Qg8+ Kf5 41. Qc4 Qd5 42. g4+ Ke6 43. f5+ gxf5 44. gxf5+ Kxf5 45. Qg4+ Ke5 46.
Qh5+ Kf4 47. Qh4+ Ke3 48. Qxh7 Qd4 49. Kh2 Qd2+ 50. Kg1 Qc1+ 51. Kh2 Qxb2+ 52.
Kh1 Qa1+ 53. Kh2 Qe5+ 54. Kg1 Kf3 55. Qc2 Qg3+ 56. Kf1 Qxh3+ 57. Kg1 Qg4+ 58.
Kf1 Qf4 59. Qg2+ Ke3+ 60. Ke1 Qh4+ 61. Kf1 Qc4+ 62. Kg1 Qc1+ 63. Kh2 Qd2 0-1

[Event "16. Obert Internacional Sant Martí 2014"]
[Site "Barcelona ESP"]
[Date "2014.07.21"]
[Round "9.22"]
[White "Sanchez Enriquez, Oscar Gerard"]
[Black "Amigo Vilalta, Jordi"]
[Result "0-1"]
[WhiteElo "2401"]
[BlackElo "2231"]
[PlyCount "82"]
[EventDate "2014.07.13"]
[EventType "swiss"]
[EventRounds "9"]
[EventCountry "ESP"]
[Source "lmi"]
[SourceDate "2014.07.13"]

1. d4 g6 2. e4 Bg7 3. Nc3 d6 4. Bg5 Nd7 5. Qd2 h6 6. Be3 e6 7. O-O-O Ne7 8. h4
a6 9. h5 g5 10. e5 Nf5 11. exd6 cxd6 12. g4 Nxe3 13. fxe3 e5 14. Nf3 Qa5 15.
Bc4 exd4 16. exd4 O-O 17. Nd5 Qxd2+ 18. Kxd2 Nf6 19. Nxf6+ Bxf6 20. Rhg1 Re8
21. Bd5 Ra7 22. c3 b6 23. Rdf1 Kg7 24. Rf2 Bd8 25. Nh2 Rae7 26. Rgf1 f6 27. Bc4
Re3 28. Bd3 d5 29. Bg6 R8e7 30. Bd3 a5 31. Bb5 Rh3 32. Nf3 Bxg4 33. Ng1 Rxh5
34. Rxf6 Rh2+ 35. R6f2 Rxf2+ 36. Rxf2 Bc7 37. Ne2 Rf7 38. Rg2 Bf3 39. Rg1 Bh2
40. Re1 g4 41. Bd3 Kf6 0-1

[Event "16. Obert Internacional Sant Martí 2014"]
[Site "Barcelona ESP"]
[Date "2014.07.21"]
[Round "9.23"]
[White "Larsson, Anders"]
[Black "Perpinya Rofes, Lluis Maria"]
[Result "1-0"]
[WhiteElo "2270"]
[BlackElo "2400"]
[PlyCount "109"]
[EventDate "2014.07.13"]
[EventType "swiss"]
[EventRounds "9"]
[EventCountry "ESP"]
[Source "lmi"]
[SourceDate "2014.07.13"]

1. d4 Nf6 2. Nf3 g6 3. Bg5 Bg7 4. Nbd2 O-O 5. c3 d6 6. e3 c5 7. dxc5 dxc5 8.
Nc4 Nc6 9. Qxd8 Rxd8 10. h3 Ne4 11. Rc1 b5 12. Ncd2 Nxg5 13. Nxg5 Rb8 14. Be2
b4 15. Nb3 bxc3 16. bxc3 Na5 17. O-O Nxb3 18. axb3 h6 19. Ne4 Rxb3 20. c4 Bf5
21. Nxc5 Rb2 22. Bg4 Bxg4 23. hxg4 Rc8 24. Nd3 Rd2 25. Nf4 e6 26. c5 a5 27. Rc4
Rc6 28. Rb1 Bb2 29. Kf1 Ba3 30. Ke1 Rd8 31. Rb5 Bb4+ 32. Ke2 Rd2+ 33. Kf3 e5
34. Nh3 Rd5 35. g5 h5 36. Ke4 Rdxc5 37. Rb8+ Kg7 38. Rxc5 Rxc5 39. Ra8 Rb5 40.
Ng1 Rb6 41. Ra7 Be1 42. Nf3 Bc3 43. Kd3 Rc6 44. Ke4 Kf8 45. Kd5 Rc8 46. Ng1 Bb4
47. Nf3 Rc2 48. Nxe5 Rxf2 49. e4 Bc3 50. Nd7+ Kg7 51. Kc4 Bb4 52. Ne5 Bd6 53.
Nd3 Ra2 54. e5 Bxe5 55. Nxe5 1-0

[Event "16. Obert Internacional Sant Martí 2014"]
[Site "Barcelona ESP"]
[Date "2014.07.21"]
[Round "9.24"]
[White "Martinez Romero, Martin"]
[Black "Juan Bartroli, Pau"]
[Result "1/2-1/2"]
[WhiteElo "2401"]
[BlackElo "2179"]
[PlyCount "142"]
[EventDate "2014.07.13"]
[EventType "swiss"]
[EventRounds "9"]
[EventCountry "ESP"]
[Source "lmi"]
[SourceDate "2014.07.13"]

1. d4 Nf6 2. c4 e6 3. Nf3 d5 4. Nc3 Be7 5. Bg5 O-O 6. e3 Nbd7 7. Qc2 Re8 8. Rd1
h6 9. Bxf6 Nxf6 10. Be2 c6 11. O-O b6 12. Ne5 Bb7 13. f4 Bd6 14. Rf3 Qe7 15.
Rg3 c5 16. cxd5 exd5 17. Bd3 Rac8 18. Bf5 Rcd8 19. Rf1 a6 20. a4 Qc7 21. Rff3
cxd4 22. exd4 Ne4 23. Nxe4 dxe4 24. Rc3 Qe7 25. h3 Qf6 26. Bxe4 Qxf4 27. Bh7+
Kh8 28. Rg4 Bxe5 29. Rxf4 Bxf4 30. Bd3 Rxd4 31. Rc4 Red8 32. Rxd4 Rxd4 33. Qf2
Rxa4 34. Qxb6 Be4 35. Bxe4 Rxe4 36. Qxa6 Re6 37. Qc8+ Kh7 38. Qc2+ g6 39. g4
Kg7 40. h4 Re3 41. Qd1 g5 42. h5 Rg3+ 43. Kf2 Rh3 44. b4 Rh2+ 45. Kf3 Kf6 46.
Ke4 Rd2 47. Qa1+ Ke6 48. Qh8 Re2+ 49. Kf3 Re3+ 50. Kf2 Rb3 51. Qxh6+ Ke5 52.
Qc6 Rb2+ 53. Kf3 Rb3+ 54. Ke2 Rb2+ 55. Kd3 Rd2+ 56. Kc3 Rd6 57. Qe8+ Kf6 58.
Kc4 Kg7 59. b5 Re6 60. Qc8 Be3 61. Kd5 Bb6 62. Qxe6 fxe6+ 63. Kxe6 Kf8 64. Kd7
Bd4 65. Kc6 Ke7 66. b6 Ke6 67. b7 Be5 68. Kb6 Bb8 69. Ka6 Ke7 70. Kb5 Ke6 71.
Kc6 Be5 1/2-1/2

[Event "16. Obert Internacional Sant Martí 2014"]
[Site "Barcelona ESP"]
[Date "2014.07.21"]
[Round "9.25"]
[White "Cortes Orihuela, Javier"]
[Black "Cruz Lledo, Pablo"]
[Result "0-1"]
[WhiteElo "2155"]
[BlackElo "2373"]
[PlyCount "122"]
[EventDate "2014.07.13"]
[EventType "swiss"]
[EventRounds "9"]
[EventCountry "ESP"]
[Source "lmi"]
[SourceDate "2014.07.13"]

1. c4 Nf6 2. d4 e6 3. g3 d5 4. Nf3 c6 5. Qc2 Nbd7 6. Bg2 Bd6 7. O-O O-O 8. Nbd2
Re8 9. e4 dxe4 10. Ng5 e5 11. Ndxe4 Nf8 12. Nxd6 Qxd6 13. dxe5 Qxe5 14. Bf4 Qf5
15. Qxf5 Bxf5 16. Rfe1 Ng6 17. Rxe8+ Rxe8 18. Be3 a6 19. h3 Ne5 20. g4 Bg6 21.
b3 h5 22. gxh5 Bxh5 23. Bd4 Nfd7 24. Re1 f6 25. f4 Nd3 26. Rxe8+ Bxe8 27. Ne6
Bf7 28. Be4 Bxe6 29. Bxd3 Bxh3 30. b4 Kf7 31. Kh2 Bg4 32. Kg3 Bd1 33. b5 c5 34.
Be3 Ke6 35. bxa6 bxa6 36. Kf2 Bg4 37. Be4 Kd6 38. Bb7 a5 39. Bd2 a4 40. Ba6 Nb8
41. Bb5 Bd7 42. f5 Ke5 43. Ba5 Kd4 44. Bc7 Nc6 45. Bxa4 Kxc4 46. Bxc6 Bxc6 47.
Bd6 Kd4 48. Bf8 Ke5 49. Bxg7 Kxf5 50. Ke3 Ke5 51. Kd3 Bb5+ 52. Kc3 Ke6 53. a4
Ba6 54. Bh6 f5 55. Bf4 Kd5 56. Be3 c4 57. Kb4 Ke4 58. Bg1 f4 59. Bc5 Kd3 60.
Bf2 c3 61. Kb3 c2 0-1

[Event "16. Obert Internacional Sant Martí 2014"]
[Site "Barcelona ESP"]
[Date "2014.07.21"]
[Round "9.26"]
[White "Kholopov, Alexander A"]
[Black "Inouss, Badr"]
[Result "1-0"]
[WhiteElo "2339"]
[BlackElo "2008"]
[PlyCount "145"]
[EventDate "2014.07.13"]
[EventType "swiss"]
[EventRounds "9"]
[EventCountry "ESP"]
[Source "lmi"]
[SourceDate "2014.07.13"]

1. d4 Nf6 2. c4 g6 3. Nc3 Bg7 4. e4 d6 5. f4 O-O 6. Nf3 Na6 7. Bd3 c5 8. d5 Nd7
9. O-O Nc7 10. Kh1 Rb8 11. a4 Na6 12. Re1 Re8 13. e5 Nf8 14. h3 Nb4 15. Bb1 a6
16. Be3 Bd7 17. Qe2 b5 18. axb5 axb5 19. b3 bxc4 20. bxc4 Ra8 21. Be4 Qc7 22.
Qf2 Ra5 23. Rxa5 Qxa5 24. Bb1 Nd3 25. Bxd3 Qxc3 26. Qd2 Qxd2 27. Nxd2 g5 28.
exd6 exd6 29. fxg5 Bc3 30. Re2 Rxe3 31. Rxe3 Bxd2 32. Rf3 Ng6 33. Bxg6 hxg6 34.
Rf6 Bxg5 35. Rxd6 Be8 36. Ra6 Kf8 37. g4 Ke7 38. Kg2 Bf4 39. Kf3 Bd6 40. h4 f5
41. Ra7+ Kd8 42. g5 Be7 43. Ra6 Kd7 44. h5 gxh5 45. g6 Bd6 46. g7 Bf7 47. Ra8
h4 48. g8=Q Bxg8 49. Rxg8 h3 50. Rg7+ Ke8 51. Rh7 h2 52. Kg2 Kd8 53. Rf7 Ke8
54. Rxf5 Ke7 55. Rh5 Kd7 56. Rxh2 Be5 57. Rh6 Bd4 58. Kf3 Be5 59. Ke4 Bg3 60.
Kd3 Bf2 61. Kc3 Bd4+ 62. Kb3 Be3 63. Ka4 Bd4 64. Kb5 Be3 65. Rc6 Bd4 66. Rxc5
Kd6 67. Rc6+ Kd7 68. Rg6 Be5 69. c5 Kc7 70. d6+ Kb7 71. c6+ Ka7 72. c7 Kb7 73.
Rg8 1-0

[Event "16. Obert Internacional Sant Martí 2014"]
[Site "Barcelona ESP"]
[Date "2014.07.21"]
[Round "9.27"]
[White "Bru Rullo, Llatzer"]
[Black "Gemy, Jose Daniel"]
[Result "0-1"]
[WhiteElo "2152"]
[BlackElo "2330"]
[PlyCount "168"]
[EventDate "2014.07.13"]
[EventType "swiss"]
[EventRounds "9"]
[EventCountry "ESP"]
[Source "lmi"]
[SourceDate "2014.07.13"]

1. e4 e5 2. Nf3 Nc6 3. Bb5 Nf6 4. d4 Nxe4 5. O-O Nd6 6. dxe5 Nxb5 7. a4 Nbd4 8.
Nxd4 Nxd4 9. Qxd4 d5 10. exd6 Qxd6 11. Qe4+ Qe6 12. Qd4 Qd6 13. Qe4+ Qe6 14.
Qd4 Qb6 15. Be3 Qxd4 16. Bxd4 Be6 17. Nc3 a6 18. Rad1 O-O-O 19. Ne4 Bf5 20. f3
Bg6 21. c3 h6 22. b4 Rg8 23. a5 Re8 24. Nc5 Bd6 25. Rfe1 f6 26. Kf2 Bf7 27. Ne4
Be7 28. Ng3 Bg6 29. Ne4 Bd8 30. Rd2 Bf7 31. Rde2 h5 32. g3 Re6 33. Nc5 Rxe2+
34. Rxe2 Bc4 35. Re1 Bf7 36. Rb1 Re8 37. Ne4 Bg6 38. Re1 Bf7 39. h4 Re6 40. Rb1
Re8 41. Re1 Bg6 42. Re3 Bf7 43. Re1 Rg8 44. Nc5 Bc4 45. Re4 Bd5 46. Re1 Bc4 47.
Re4 Bd5 48. Re1 Rf8 49. Nd3 Kd7 50. Nc5+ Kc6 51. Nd3 b6 52. Ra1 Bf7 53. Nb2 Kb5
54. Ke3 c5 55. bxc5 bxc5 56. c4+ Kc6 57. Bc3 Bc7 58. f4 Re8+ 59. Kf2 Rb8 60.
Ke3 Re8+ 61. Kd2 g5 62. fxg5 fxg5 63. Rf1 Be6 64. hxg5 Bxg3 65. Rf6 h4 66. Nd3
h3 67. Ne5+ Kd6 68. Nf3 Ke7 69. Rh6 Rf8 70. Bf6+ Kd7 71. Ke3 Re8 72. Rh7+ Kd6
73. Kd2 Bf4+ 74. Kc3 Bf5 75. Ra7 Re3+ 76. Kb2 Rxf3 77. Rxa6+ Kc7 78. Ra7+ Kb8
79. Re7 h2 80. Re1 Rf2+ 81. Kb3 Be4 82. Rxe4 h1=Q 83. Re8+ Kb7 84. Re7+ Bc7 0-1

[Event "16. Obert Internacional Sant Martí 2014"]
[Site "Barcelona ESP"]
[Date "2014.07.21"]
[Round "9.28"]
[White "Matsenko, Elena"]
[Black "Gurevich, Daniel"]
[Result "1-0"]
[WhiteElo "1929"]
[BlackElo "2317"]
[PlyCount "119"]
[EventDate "2014.07.13"]
[EventType "swiss"]
[EventRounds "9"]
[EventCountry "ESP"]
[Source "lmi"]
[SourceDate "2014.07.13"]

1. e4 c5 2. Nf3 Nc6 3. d4 cxd4 4. Nxd4 g6 5. c4 Nf6 6. Nc3 d6 7. Be2 Bg7 8. Be3
O-O 9. O-O Bd7 10. Rc1 Nxd4 11. Bxd4 Bc6 12. f3 a5 13. Kh1 Nd7 14. Bxg7 Kxg7
15. Qd4+ Kg8 16. Rfd1 Qb6 17. Qxb6 Nxb6 18. Nd5 Bxd5 19. cxd5 Rfc8 20. Bb5 a4
21. Kg1 Kg7 22. Kf2 Ra5 23. Rxc8 Nxc8 24. Bd3 Rc5 25. Rd2 Nb6 26. Rc2 e6 27.
dxe6 fxe6 28. Rxc5 dxc5 29. Bb5 Kf6 30. Ke3 a3 31. bxa3 Nc8 32. a4 Nd6 33. g3
b6 34. h3 Nf7 35. f4 e5 36. h4 Nd8 37. Bd7 h6 38. Kd3 Nb7 39. Kc4 Ke7 40. Bg4
Kd6 41. fxe5+ Kxe5 42. Kb5 c4 43. Kxb6 c3 44. Bd1 Nd6 45. a5 Nc4+ 46. Kb5 Ne3
47. Bb3 Kd6 48. a6 Kc7 49. e5 c2 50. Bxc2 Nxc2 51. Kc5 Ne3 52. e6 Nf5 53. g4
Ng7 54. e7 h5 55. gxh5 gxh5 56. Kd5 Kd7 57. a7 Ne8 58. Kc5 Nc7 59. Kb6 Kc8 60.
e8=Q+ 1-0

[Event "16. Obert Internacional Sant Martí 2014"]
[Site "Barcelona ESP"]
[Date "2014.07.21"]
[Round "9.29"]
[White "Andersen, Alf R"]
[Black "Quirhuayo, Gonzalo"]
[Result "0-1"]
[WhiteElo "2214"]
[BlackElo "1858"]
[PlyCount "106"]
[EventDate "2014.07.13"]
[EventType "swiss"]
[EventRounds "9"]
[EventCountry "ESP"]
[Source "lmi"]
[SourceDate "2014.07.13"]

1. e4 c5 2. a3 g6 3. b4 Bg7 4. Nc3 d6 5. g3 Nc6 6. Rb1 Nf6 7. Bg2 O-O 8. Nge2
Rb8 9. bxc5 dxc5 10. d3 Ne8 11. Nd5 b5 12. O-O e6 13. Ne3 Nd4 14. Bb2 Qa5 15.
Nf4 Ba6 16. c3 Nc6 17. Ne2 Rd8 18. f4 b4 19. c4 Bxb2 20. Rxb2 bxa3 21. Rb3 a2
22. Qa1 Qd2 23. Ng4 f6 24. Rb2 Qxd3 25. Nf2 Qe3 26. Qxa2 Nb4 27. Rxb4 cxb4 28.
Qxa6 Qxe2 29. Qxe6+ Kh8 30. e5 Ng7 31. Qe7 fxe5 32. Qxb4 exf4 33. gxf4 Rxf4 34.
Qa5 Rdf8 35. Qxa7 Qxc4 36. h3 Qd4 37. Qxd4 Rxd4 38. Ne4 Rxf1+ 39. Kxf1 Nf5 40.
Kf2 Ra4 41. Ng5 Ra2+ 42. Kg1 h6 43. Ne6 Ra6 44. Nf4 Kg7 45. Bb7 Ra4 46. Ne2 Kf6
47. Kf2 Ke5 48. Bc6 Ra2 49. Bb5 Nd4 50. Bd3 Nxe2 51. Bxe2 Kf4 52. h4 h5 53. Kf1
Rxe2 0-1

[Event "16. Obert Internacional Sant Martí 2014"]
[Site "Barcelona ESP"]
[Date "2014.07.21"]
[Round "9.30"]
[White "Raghunandan, Kaumandur Srihari"]
[Black "Capellades Subirana, Marc"]
[Result "0-1"]
[WhiteElo "2148"]
[BlackElo "2211"]
[PlyCount "90"]
[EventDate "2014.07.13"]
[EventType "swiss"]
[EventRounds "9"]
[EventCountry "ESP"]
[Source "lmi"]
[SourceDate "2014.07.13"]

1. d4 Nf6 2. c4 e6 3. Nf3 Bb4+ 4. Nbd2 O-O 5. a3 Bxd2+ 6. Bxd2 d6 7. Qc2 Nbd7
8. Bc3 Re8 9. e4 e5 10. d5 a5 11. b4 axb4 12. axb4 Rxa1+ 13. Bxa1 Nf8 14. g3 c5
15. Bc3 cxb4 16. Bxb4 Qb6 17. Bc3 Bd7 18. Bg2 Qc5 19. Nd2 b5 20. O-O bxc4 21.
Rb1 Rc8 22. Bf1 Ba4 23. Qb2 Bb3 24. Rc1 N8d7 25. Nxb3 cxb3 26. Bd2 Qc2 27. Rxc2
Rxc2 28. Qxb3 Rxd2 29. f3 Ne8 30. Qb5 Ndf6 31. Qb4 Rd4 32. Bc4 g5 33. Qb5 Kf8
34. Bd3 Ke7 35. Kf2 g4 36. f4 Nxe4+ 37. Ke3 Nc5 38. Bxh7 Nc7 39. Qa5 Nxd5+ 40.
Ke2 Ra4 41. Qe1 Ra2+ 42. Kf1 Nb3 43. Be4 Nd2+ 44. Kg1 Nc3 45. Bg2 Rb2 0-1

[Event "16. Obert Internacional Sant Martí 2014"]
[Site "Barcelona ESP"]
[Date "2014.07.21"]
[Round "9.31"]
[White "Gomez Jurado, Luis Alberto"]
[Black "Asensio Linan, Teodoro"]
[Result "1-0"]
[WhiteElo "2304"]
[BlackElo "2189"]
[PlyCount "79"]
[EventDate "2014.07.13"]
[EventType "swiss"]
[EventRounds "9"]
[EventCountry "ESP"]
[Source "lmi"]
[SourceDate "2014.07.13"]

1. c4 Nf6 2. g3 g6 3. Bg2 Bg7 4. Nc3 O-O 5. e4 d6 6. Nge2 c5 7. O-O Bg4 8. f3
Bd7 9. Rb1 Nc6 10. a3 a5 11. d3 Ne8 12. Be3 Nc7 13. h3 Nd4 14. b4 axb4 15. axb4
Nxe2+ 16. Nxe2 cxb4 17. Rxb4 Qc8 18. g4 Na6 19. Rb6 Nc5 20. d4 Ra3 21. Qc1 Ra2
22. Nc3 Na4 23. Nxa2 Nxb6 24. c5 dxc5 25. dxc5 Na4 26. Rf2 Qc7 27. Nb4 e6 28.
Rc2 Rc8 29. Qa3 Bb5 30. Qb3 Bf8 31. Nd5 exd5 32. Qxb5 Nb6 33. c6 Nc4 34. cxb7
Rd8 35. exd5 Qe5 36. Bf2 Ne3 37. Rc8 Rxd5 38. Rxf8+ Kg7 39. Rg8+ Kh6 40. Qxd5
1-0